[Event "XXXIII Festival Conca della Presolana A"]
[Site "Bratto - Castione della Presolana ITA"]
[Date "2013.08.20"]
[Round "3"]
[White "Drago, Paolo"]
[Black "Gagliardi, Claudio"]
[WhiteElo "1858"]
[BlackElo "1766"]
[Result "1-0"]
[PlyCount "64"]
[EventDate "2013.08.18"]

1. d4 Nf6 2. c4 e6 3. Nc3 Bb4 4. a3 Bxc3+ 5. bxc3 c5 6. e3 O-O 7. Bd3 Nc6 8.
Ne2 d6 9. e4 e5 10. d5 Ne7 11. O-O h6 12. Bd2 Ne8 13. f4 f5 14. Qc2 fxe4 15.
Bxe4 Nf6 16. fxe5 dxe5 17. Bd3 Bd7 18. Ng3 Nc8 19. Rae1 Qc7 20. Nf5 b5 21. cxb5
c4 22. Be4 Nxe4 23. Qxe4 Bxf5 24. Rxf5 Nd6 25. Rxf8+ Rxf8 26. Qxe5 Re8 27. Qg3
Rxe1+ 28. Bxe1 Qc5+ 29. Bf2 Qxd5 30. h3 Kh7 31. Bd4 Nf5 32. Qe5 Qf7 1-0

[Event "XXXIII Festival Conca della Presolana A"]
[Site "Bratto - Castione della Presolana ITA"]
[Date "2013.08.20"]
[Round "3"]
[White "Dubois, Martine"]
[Black "Di Donato, Giovanni"]
[WhiteElo "1995"]
[BlackElo "1919"]
[Result "1-0"]
[PlyCount "99"]
[EventDate "2013.08.18"]

1. e4 e5 2. Nf3 f5 3. Nxe5 Qf6 4. d4 d6 5. Nc4 fxe4 6. Nc3 Qg6 7. f3 exf3 8.
Qxf3 Nf6 9. Bd3 Qg4 10. Qxg4 Bxg4 11. Ne3 c6 12. Nxg4 Nxg4 13. Bf5 Nf6 14. Bc8
a6 15. Bxb7 Ra7 16. Bc8 Kd8 17. Bf5 Re7+ 18. Ne2 g6 19. Bd3 Bg7 20. Bg5 h6 21.
Bxf6 Bxf6 22. O-O Bg7 23. c3 g5 24. Ng3 Re3 25. Bg6 Re6 26. Bh5 Rf8 27. Nf5 Bh8
28. Bg4 Ref6 29. Nxh6 Rxf1+ 30. Rxf1 Rxf1+ 31. Kxf1 Bf6 32. Nf5 Kc7 33. Ke2 Nd7
34. Ne3 Nb6 35. Kd3 d5 36. b3 Kd6 37. c4 dxc4+ 38. bxc4 Na8 39. Ke4 a5 40. c5+
Ke7 41. Nc4 a4 42. Na5 Nc7 43. Nxc6+ Ke8 44. Ne5 Na6 45. Bd7+ Kd8 46. Bxa4 Kc7
47. Bb5 Nb4 48. a4 Na2 49. Kf5 Be7 50. Ke6 1-0

[Event "XXXIII Festival Conca della Presolana A"]
[Site "Bratto - Castione della Presolana ITA"]
[Date "2013.08.20"]
[Round "3"]
[White "Foglieni, Matteo"]
[Black "Oteri, Aldo"]
[WhiteElo "1809"]
[BlackElo "1772"]
[Result "1/2-1/2"]
[PlyCount "72"]
[EventDate "2013.08.18"]

1. Nf3 Nf6 2. g3 g6 3. Bg2 Bg7 4. O-O O-O 5. c4 d6 6. Nc3 e5 7. d3 Nbd7 8. Rb1
a5 9. a3 c6 10. Ne1 Nc5 11. b4 axb4 12. axb4 Ne6 13. b5 d5 14. Nc2 d4 15. bxc6
bxc6 16. Ne4 Nxe4 17. Bxe4 Qc7 18. Ba3 Re8 19. Qc1 f5 20. Bg2 Bb7 21. Nb4 Ra4
22. c5 Rea8 23. Rb3 Nxc5 24. Qxc5 Rxa3 25. Rxa3 Rxa3 26. Bxc6 Bxc6 27. Nxc6 Rc3
28. Qd5+ Kf8 29. Nd8 Qe7 30. Ne6+ Kg8 31. Ng5+ Kf8 32. Qa8+ Qe8 33. Ne6+ Ke7
34. Qxe8+ Kxe8 35. Nxg7+ Kf7 36. Nxf5 gxf5 1/2-1/2

[Event "XXXIII Festival Conca della Presolana A"]
[Site "Bratto - Castione della Presolana ITA"]
[Date "2013.08.20"]
[Round "3"]
[White "Gemelli, Giovanni"]
[Black "Villa, Claudio"]
[WhiteElo "1842"]
[BlackElo "1766"]
[Result "1-0"]
[PlyCount "81"]
[EventDate "2013.08.18"]

1. e4 c6 2. d4 d5 3. exd5 cxd5 4. c4 dxc4 5. Bxc4 Nf6 6. Nc3 Nc6 7. Be3 e6 8.
Nf3 Bb4 9. O-O O-O 10. Qc2 a6 11. a3 Be7 12. Rad1 Qc7 13. Bd3 g6 14. Rc1 Ng4
15. h3 Nf6 16. b4 Qd8 17. Be4 Nd5 18. Qb3 Nxc3 19. Rxc3 Bd7 20. Rd3 f5 21. Bxc6
bxc6 22. Ne5 a5 23. Nxc6 Bxc6 24. Qxe6+ Kg7 25. Qxc6 axb4 26. axb4 Rf6 27. Qc3
Qd5 28. Bf4 Rc6 29. Qe1 Re6 30. Re3 Rxe3 31. Qxe3 Bxb4 32. Rb1 Ra3 33. Qe8 Ra8
34. Be5+ Kh6 35. Bf4+ g5 36. Qe5 Qxe5 37. Bxe5 Bc3 38. g4 fxg4 39. hxg4 Ra6 40.
Rb7 Bb4 41. Rxb4 1-0

[Event "XXXIII Festival Conca della Presolana A"]
[Site "Bratto - Castione della Presolana ITA"]
[Date "2013.08.20"]
[Round "3"]
[White "Giancotti, Eraldo"]
[Black "Razzano, Lorenzo"]
[WhiteElo "2047"]
[BlackElo "1988"]
[Result "0-1"]
[PlyCount "62"]
[EventDate "2013.08.18"]

1. Nf3 g6 2. c4 Bg7 3. g3 d6 4. Bg2 e5 5. Nc3 Nc6 6. O-O f5 7. d3 Nf6 8. Rb1 a5
9. a3 O-O 10. b4 axb4 11. axb4 Ne7 12. Bg5 h6 13. Bxf6 Bxf6 14. Qb3 Be6 15. Ra1
Qd7 16. Nd2 c6 17. Na4 Qc7 18. b5 e4 19. Nc3 e3 20. fxe3 Bg5 21. Kh1 Bxe3 22.
Nf3 f4 23. Rxa8 Rxa8 24. Nd1 Nf5 25. Nxe3 Nxe3 26. Rb1 fxg3 27. hxg3 d5 28. Kh2
Nf5 29. bxc6 Qxg3+ 30. Kh1 Ne3 31. Rg1 Ra1 0-1

[Event "XXXIII Festival Conca della Presolana A"]
[Site "Bratto - Castione della Presolana ITA"]
[Date "2013.08.20"]
[Round "3"]
[White "Guerini, Silvia jr"]
[Black "Autino, Massimiliano"]
[WhiteElo "1773"]
[BlackElo "1879"]
[Result "0-1"]
[PlyCount "118"]
[EventDate "2013.08.18"]

1. e4 e5 2. Nf3 Nc6 3. Bc4 Bc5 4. c3 Nf6 5. d3 d6 6. h3 h6 7. Bb3 O-O 8. O-O
Be6 9. Bc2 d5 10. exd5 Bxd5 11. Re1 Bd6 12. Nbd2 Re8 13. Nf1 e4 14. dxe4 Bxe4
15. Bxe4 Nxe4 16. Be3 Qf6 17. Qc2 Nc5 18. Ng3 Bxg3 19. Bxc5 Bd6 20. Bxd6 Qxd6
21. Rad1 Rxe1+ 22. Rxe1 Rd8 23. Qe4 Qc5 24. Qa4 a5 25. Qb3 b5 26. Rd1 Rxd1+ 27.
Qxd1 Qf5 28. Qc1 Qe4 29. Qd1 Qe6 30. Qd3 b4 31. c4 g6 32. Kf1 Kf8 33. Nd2 Ke7
34. Nf3 f5 35. Nd2 Qe5 36. Qe2 Kf6 37. Nf3 Qxe2+ 38. Kxe2 Ne5 39. Nd2 Ke6 40.
f4 Nc6 41. Ke3 a4 42. Kd3 Kd6 43. Nf3 Kc5 44. Ne5 Nxe5+ 45. fxe5 g5 46. Ke3 Kc6
47. Kd4 h5 48. c5 Kd7 49. g3 Ke6 50. c6 h4 51. gxh4 gxh4 52. Ke3 Kxe5 53. Kf3
f4 54. Kg4 Ke4 55. Kxh4 f3 56. Kg5 f2 57. h4 f1=Q 58. h5 Qf7 59. a3 Qg7+ 0-1

[Event "XXXIII Festival Conca della Presolana A"]
[Site "Bratto - Castione della Presolana ITA"]
[Date "2013.08.20"]
[Round "3"]
[White "Hunt, Caro"]
[Black "Saracco, Marco"]
[WhiteElo "1833"]
[BlackElo "1872"]
[Result "1/2-1/2"]
[PlyCount "83"]
[EventDate "2013.08.18"]

1. e4 e6 2. d4 d5 3. e5 c5 4. c3 Qb6 5. Nf3 Bd7 6. Bd3 cxd4 7. cxd4 Nc6 8. O-O
Nge7 9. Nc3 Qd8 10. Bg5 Qb8 11. Re1 Ng6 12. a3 a6 13. Rc1 Be7 14. Be3 b5 15. b4
Qd8 16. Qe2 O-O 17. Rc2 Rc8 18. Rec1 Qb6 19. Nd1 Na7 20. Rxc8 Rxc8 21. Rxc8+
Nxc8 22. Qc2 Qc6 23. Qxc6 Bxc6 24. Nd2 Nb6 25. Nb3 Nc4 26. Bc1 f6 27. f4 f5 28.
Nc5 Bxc5 29. bxc5 Kf7 30. g3 Ne7 31. Kf2 Bd7 32. Bxc4 dxc4 33. Ke3 Nd5+ 34. Kd2
Bc6 35. Nc3 Ke7 36. Nxd5+ Bxd5 37. Kc3 a5 38. Bd2 Kd7 39. Kb2 a4 40. Bb4 Kc6
41. Bc3 Be4 42. Bb4 1/2-1/2

[Event "XXXIII Festival Conca della Presolana A"]
[Site "Bratto - Castione della Presolana ITA"]
[Date "2013.08.20"]
[Round "3"]
[White "Loccisano, Giuseppe"]
[Black "Iasman, Inna"]
[WhiteElo "1772"]
[BlackElo "1970"]
[Result "0-1"]
[PlyCount "74"]
[EventDate "2013.08.18"]

1. d4 d5 2. Bf4 Nf6 3. Nf3 Bf5 4. h3 e6 5. e3 Be7 6. Bd3 Bxd3 7. Qxd3 O-O 8.
O-O c5 9. c3 Nc6 10. Nbd2 c4 11. Qc2 b5 12. e4 b4 13. Rfe1 Re8 14. Bg5 h6 15.
Bxf6 Bxf6 16. e5 Be7 17. Nh2 Rb8 18. f4 g6 19. Ng4 h5 20. Ne3 Bf8 21. Nf3 Bh6
22. g3 Kh7 23. Ng2 Rh8 24. Nfh4 Qe7 25. Rf1 Kg8 26. Nxg6 fxg6 27. Qxg6+ Bg7 28.
Qc2 Qf7 29. Nh4 Ne7 30. f5 exf5 31. Nxf5 Nxf5 32. Rxf5 Qg6 33. Rf8+ Kh7 34.
Rxh8+ Bxh8 35. Qf2 Bg7 36. Qg2 bxc3 37. bxc3 Qd3 0-1

[Event "XXXIII Festival Conca della Presolana A"]
[Site "Bratto - Castione della Presolana ITA"]
[Date "2013.08.20"]
[Round "3"]
[White "Michel, Steve"]
[Black "Delledonne, Francesco"]
[WhiteElo "1979"]
[BlackElo "1916"]
[Result "0-1"]
[PlyCount "104"]
[EventDate "2013.08.18"]

1. d4 Nf6 2. c4 g6 3. Nc3 Bg7 4. e4 d6 5. Nf3 O-O 6. Be2 e5 7. O-O Nc6 8. d5
Ne7 9. Ne1 Nd7 10. Be3 f5 11. f3 f4 12. Bf2 g5 13. Rc1 Ng6 14. Nd3 h5 15. c5
Rf7 16. cxd6 cxd6 17. Nb5 Nf6 18. Nxa7 Bd7 19. Qb3 g4 20. Bb6 Qe7 21. Rc7 g3
22. h3 Nh7 23. Rfc1 Qh4 24. Bf1 Ng5 25. Ne1 Bxh3 26. gxh3 Nxh3+ 27. Bxh3 Qxh3
28. Qc2 Rxc7 29. Bxc7 Rxa7 30. Bxd6 Nh4 31. Qc8+ Qxc8 32. Rxc8+ Kh7 33. a3 Ng6
34. Rc7 Kg8 35. Bc5 Ra5 36. Bb4 Ra8 37. d6 Bf8 38. Rxb7 Rd8 39. Rb6 Nh8 40. Nd3
Nf7 41. a4 h4 42. Kg2 Rc8 43. Bc3 Bxd6 44. a5 Bc7 45. Rc6 Rd8 46. Rxc7 Rxd3 47.
a6 Ng5 48. a7 h3+ 49. Kf1 g2+ 50. Kf2 Rd8 51. Bxe5 Rd2+ 52. Ke1 Nxf3# 0-1

[Event "XXXIII Festival Conca della Presolana A"]
[Site "Bratto - Castione della Presolana ITA"]
[Date "2013.08.20"]
[Round "3"]
[White "Morandi, Daniele"]
[Black "Onida, Davide"]
[WhiteElo "1893"]
[BlackElo "1783"]
[Result "1-0"]
[PlyCount "57"]
[EventDate "2013.08.18"]

1. e4 e5 2. Nf3 Nc6 3. Bc4 Nf6 4. d4 exd4 5. O-O Be7 6. e5 Ne4 7. Re1 d5 8.
exd6 Nxd6 9. Bd5 Nb4 10. Qxd4 Nf5 11. Qxb4 Qxd5 12. Nc3 Qd8 13. Bg5 O-O 14.
Bxe7 Nxe7 15. Qxe7 Bf5 16. Rad1 Qxe7 17. Rxe7 Bxc2 18. Rdd7 b5 19. Rxc7 b4 20.
Nb5 b3 21. axb3 Bxb3 22. Rxa7 Rab8 23. Rab7 Ra8 24. h3 h6 25. Nbd4 Bd5 26. Rbd7
Bc4 27. b3 Ra1+ 28. Kh2 Bf1 29. Ne6 1-0

[Event "XXXIII Festival Conca della Presolana A"]
[Site "Bratto - Castione della Presolana ITA"]
[Date "2013.08.20"]
[Round "3"]
[White "Mortola, Alberto"]
[Black "Grazzi, Roberto"]
[WhiteElo "1936"]
[BlackElo "2021"]
[Result "1/2-1/2"]
[PlyCount "66"]
[EventDate "2013.08.18"]

1. c4 Nf6 2. g3 g6 3. Bg2 Bg7 4. Nc3 O-O 5. Nf3 d6 6. d4 Nbd7 7. O-O e5 8. dxe5
Nxe5 9. Nxe5 dxe5 10. Bg5 Qxd1 11. Raxd1 c6 12. Rd6 Be6 13. Rfd1 h6 14. Bxf6
Bxf6 15. b3 Rfd8 16. Ne4 Be7 17. Rxd8+ Rxd8 18. Rxd8+ Bxd8 19. Nd6 b5 20. Bxc6
bxc4 21. Nxc4 Bxc4 22. bxc4 Bb6 23. g4 f6 24. Kg2 Kf8 25. Kf3 Ke7 26. e3 f5 27.
h3 Kf6 28. gxf5 gxf5 29. h4 f4 30. exf4 exf4 31. Kxf4 Bxf2 32. h5 Ke6 33. Bd5+
Kd6 1/2-1/2

[Event "XXXIII Festival Conca della Presolana A"]
[Site "Bratto - Castione della Presolana ITA"]
[Date "2013.08.20"]
[Round "3"]
[White "Oppici, Gabriele"]
[Black "Kravchenko, Oleg"]
[WhiteElo "2002"]
[BlackElo "1805"]
[Result "0-1"]
[PlyCount "92"]
[EventDate "2013.08.18"]

1. d4 Nf6 2. Nf3 b6 3. Bf4 g6 4. e3 Bg7 5. Be2 Bb7 6. O-O O-O 7. h3 d6 8. c4
Nbd7 9. Nc3 Re8 10. Bh2 e5 11. Rc1 exd4 12. Nxd4 Ne5 13. b4 Qe7 14. Qb3 Ne4 15.
Nxe4 Bxe4 16. Nb5 a6 17. Nc3 Bf5 18. Nd5 Qd7 19. Rfd1 Be6 20. Bg3 Qd8 21. Qc2
c6 22. Nf4 Qe7 23. c5 dxc5 24. Nxe6 Qxe6 25. bxc5 b5 26. Rd6 Qc8 27. Rcd1 Bf8
28. R6d2 f5 29. f4 Nf7 30. e4 Rxe4 31. Bd3 Re6 32. Bf2 Qc7 33. Bxf5 gxf5 34.
Qxf5 Qc8 35. Rd7 Qe8 36. Bh4 Bg7 37. Rb7 Nh6 38. Qc2 Re2 39. Rxg7+ Kxg7 40.
Qc3+ Kg8 41. Rd6 Nf5 42. Qb3+ Qf7 43. Qd3 Rae8 44. Rf6 Rxg2+ 45. Kxg2 Nxh4+ 46.
Kg3 Qxf6 0-1

[Event "XXXIII Festival Conca della Presolana A"]
[Site "Bratto - Castione della Presolana ITA"]
[Date "2013.08.20"]
[Round "3"]
[White "Perico, Gianvittorio"]
[Black "Fiscato, Claudio"]
[WhiteElo "1875"]
[BlackElo "1775"]
[Result "1/2-1/2"]
[PlyCount "65"]
[EventDate "2013.08.18"]

1. e4 c5 2. Nf3 e6 3. d4 cxd4 4. Nxd4 a6 5. c4 Nf6 6. Nc3 Qc7 7. Be2 d6 8. Be3
Be7 9. O-O Nbd7 10. f4 b6 11. Bf3 Bb7 12. Rc1 h5 13. Nb3 Nc5 14. Nxc5 bxc5 15.
e5 dxe5 16. fxe5 Nd7 17. Bxh5 g6 18. Bf3 g5 19. Bf2 Nxe5 20. Bg3 Nxf3+ 21. Qxf3
Bxf3 22. Bxc7 Bc6 23. Be5 Rh6 24. Rcd1 f6 25. Bg3 Rd8 26. Rxd8+ Kxd8 27. Rd1+
Ke8 28. Bd6 Rh4 29. Bxe7 Kxe7 30. b3 Rd4 31. Rxd4 cxd4 32. Nd1 e5 33. Kf2
1/2-1/2

[Event "XXXIII Festival Conca della Presolana A"]
[Site "Bratto - Castione della Presolana ITA"]
[Date "2013.08.20"]
[Round "3"]
[White "Peron, Davide"]
[Black "Rizzi, Volfango"]
[WhiteElo "1784"]
[BlackElo "1916"]
[Result "1-0"]
[PlyCount "67"]
[EventDate "2013.08.18"]

1. e4 e5 2. Nf3 Nc6 3. Bb5 Nf6 4. O-O d6 5. d4 exd4 6. Nxd4 Bd7 7. Nc3 Be7 8.
Re1 O-O 9. Nf5 Bxf5 10. exf5 Ne5 11. Bg5 c6 12. Bf1 Re8 13. h3 Ned7 14. Qf3 d5
15. a3 Bd6 16. Rxe8+ Qxe8 17. Qd3 Qe5 18. g3 Nc5 19. Qf3 Re8 20. Kg2 Nfe4 21.
Bf4 Qe7 22. Bxd6 Qxd6 23. Nxe4 Rxe4 24. b4 Qf6 25. Rb1 Nd7 26. Qb3 Qxf5 27. Bd3
Ne5 28. Bxe4 Qxe4+ 29. Kf1 Nc4 30. Rd1 Qh1+ 31. Ke2 Qe4+ 32. Kf1 Qh1+ 33. Ke2
Qxh3 34. Qxc4 1-0

[Event "XXXIII Festival Conca della Presolana A"]
[Site "Bratto - Castione della Presolana ITA"]
[Date "2013.08.20"]
[Round "3"]
[White "Raselli, Claudio"]
[Black "Zuliani, Francesco"]
[WhiteElo "1910"]
[BlackElo "1803"]
[Result "1-0"]
[PlyCount "59"]
[EventDate "2013.08.18"]

1. c4 g6 2. g3 Bg7 3. Bg2 Nf6 4. Nc3 O-O 5. e4 c5 6. Nge2 Nc6 7. O-O d6 8. d3
a6 9. a3 Rb8 10. h3 Bd7 11. Be3 b5 12. cxb5 axb5 13. d4 b4 14. axb4 cxd4 15.
Nxd4 Rxb4 16. Qd2 Nxe4 17. Nxe4 Bxd4 18. Bxd4 Rxd4 19. Qc3 Qb6 20. Ra3 Rc8 21.
Rfa1 Nb4 22. Ra8 Rdc4 23. Qxc4 d5 24. Rxc8+ Kg7 25. Qc3+ f6 26. Qc5 Qxc5 27.
Rxc5 dxe4 28. Ra7 Nd3 29. Rcc7 Ne5 30. Rxd7 1-0

[Event "XXXIII Festival Conca della Presolana A"]
[Site "Bratto - Castione della Presolana ITA"]
[Date "2013.08.20"]
[Round "3"]
[White "Savoldelli, Dario"]
[Black "Lazzarini, Sabrina"]
[WhiteElo "1852"]
[BlackElo "1824"]
[Result "1-0"]
[PlyCount "129"]
[EventDate "2013.08.18"]

1. e4 e5 2. Nf3 Nf6 3. Nc3 Bb4 4. Bc4 O-O 5. O-O Bxc3 6. dxc3 Nc6 7. Bg5 d6 8.
h3 h6 9. Bh4 g5 10. Nxg5 hxg5 11. Bxg5 Be6 12. Bd5 Bxd5 13. exd5 Nb8 14. f4
Nbd7 15. fxe5 dxe5 16. Qf3 Kg7 17. Rf2 e4 18. Qf5 e3 19. Bxe3 Nh7 20. Raf1 Qe7
21. Bd4+ f6 22. Rf4 Kh8 23. Rh4 Rf7 24. Re4 Qf8 25. Rfe1 Qg7 26. Rg4 Qf8 27.
Rge4 Qg7 28. Qh5 Qf8 29. Re6 Rd8 30. c4 a6 31. Kh1 b6 32. R1e3 Qg7 33. Qe2 Rg8
34. Re7 Rgf8 35. Qe1 Rxe7 36. Rxe7 Rf7 37. Re6 Rf8 38. Bc3 Rg8 39. Qe2 Rf8 40.
Qh5 Rg8 41. Qe2 Rf8 42. d6 cxd6 43. Rxd6 Qf7 44. Qg4 Ne5 45. Qf5 Nxc4 46. Rd7
Qg8 47. Qh5 Ne3 48. g4 Nc4 49. g5 Ne5 50. Bxe5 fxe5 51. g6 Rf1+ 52. Kg2 Qa8+
53. Kxf1 Qh1+ 54. Ke2 Qg2+ 55. Ke1 Qe4+ 56. Kd2 Qf4+ 57. Kd1 Qf1+ 58. Kd2 Qf4+
59. Kd1 Qf1+ 60. Kd2 Qf4+ 61. Kc3 Qe3+ 62. Rd3 Qc5+ 63. Kd2 Qf2+ 64. Kc1 Qf1+
65. Rd1 1-0

[Event "XXXIII Festival Conca della Presolana A"]
[Site "Bratto - Castione della Presolana ITA"]
[Date "2013.08.20"]
[Round "3"]
[White "Scagliotti, Guglielmo"]
[Black "Guerini, Sara"]
[WhiteElo "1840"]
[BlackElo "1723"]
[Result "1-0"]
[PlyCount "89"]
[EventDate "2013.08.18"]

1. f4 d5 2. Nf3 Nf6 3. e3 e6 4. b3 Nbd7 5. Bb2 b6 6. Bb5 Be7 7. Ne5 O-O 8. Nc6
Qe8 9. Nxe7+ Qxe7 10. O-O Bb7 11. Qe1 a6 12. Be2 c5 13. d3 Qd6 14. Qg3 d4 15.
e4 e5 16. Bc1 Kh8 17. fxe5 Qxe5 18. Bf4 Qe6 19. Nd2 b5 20. Rf2 Rad8 21. Raf1
Rg8 22. Qh4 Rdf8 23. Nf3 Qe7 24. Bg5 Bc8 25. Bxf6 gxf6 26. Qh6 Ne5 27. Nxe5
fxe5 28. Qf6+ Qxf6 29. Rxf6 Be6 30. Bh5 Rg5 31. Bxf7 Bh3 32. R1f2 Kg7 33. g3
Bf5 34. R6xf5 Rxf5 35. Rxf5 Rxf7 36. Rxe5 Rc7 37. Re6 c4 38. Rd6 cxb3 39. cxb3
Rc2 40. Rxa6 Rc3 41. Kf1 Rxd3 42. Ke2 Re3+ 43. Kd2 Rxe4 44. Kd3 Rg4 45. Rb6 1-0

[Event "XXXIII Festival Conca della Presolana A"]
[Site "Bratto - Castione della Presolana ITA"]
[Date "2013.08.20"]
[Round "3"]
[White "Vlug, Andre"]
[Black "Dieli, Alberto"]
[WhiteElo "1847"]
[BlackElo "1974"]
[Result "1/2-1/2"]
[PlyCount "63"]
[EventDate "2013.08.18"]

1. e4 e5 2. Nf3 Nc6 3. d4 exd4 4. Bc4 Bc5 5. c3 d3 6. O-O d6 7. b4 Bb6 8. a4
Bg4 9. Qxd3 a5 10. b5 Ne5 11. Nxe5 dxe5 12. Qg3 Nf6 13. Qxe5+ Qe7 14. Qxe7+
Kxe7 15. Ba3+ Ke8 16. e5 Nd7 17. Bd5 Nxe5 18. Re1 f6 19. c4 Kd7 20. c5 Nd3 21.
c6+ bxc6 22. Bxc6+ Kd8 23. Re7 Ra7 24. Ra2 Nb4 25. Bxb4 axb4 26. Rxg7 Bf5 27.
Nd2 Be6 28. Ra1 Bd4 29. Re1 Be5 30. f4 Bd4+ 31. Kf1 f5 32. Rg3 1/2-1/2

[Event "XXXIII Festival Conca della Presolana A"]
[Site "Bratto - Castione della Presolana ITA"]
[Date "2013.08.21"]
[Round "4"]
[White "Autino, Massimiliano"]
[Black "Kravchenko, Oleg"]
[WhiteElo "1879"]
[BlackElo "1805"]
[Result "0-1"]
[PlyCount "108"]
[EventDate "2013.08.18"]

1. c4 Nf6 2. Nf3 b6 3. Nc3 Bb7 4. e3 e6 5. b3 Be7 6. Bb2 O-O 7. Be2 Ne4 8. d3
Nxc3 9. Bxc3 Bf6 10. Qc2 d6 11. O-O Nd7 12. d4 c5 13. Rad1 Qe7 14. Rfe1 Rfd8
15. Nd2 cxd4 16. exd4 d5 17. Bf3 Nf8 18. Qb2 Rac8 19. cxd5 Bxd5 20. Bxd5 Rxd5
21. Nc4 Qc7 22. Rc1 Qb7 23. Ne3 Rd7 24. Ng4 Bg5 25. Rc2 h5 26. Ne3 Bh6 27. d5
g6 28. dxe6 Nxe6 29. Nc4 Nf4 30. f3 Nd3 31. Qa1 Nxe1 32. Qxe1 Bg7 33. Bxg7 Kxg7
34. Qe5+ f6 35. Qe2 b5 36. Ne3 Rxc2 37. Qxc2 Qb6 38. Kf2 Qd4 39. Ke2 Re7 40.
Qd2 Qe5 41. g3 Qe6 42. Kf2 Qb6 43. Qd3 a5 44. Qd2 a4 45. Qd3 Qc5 46. Qd2 a3 47.
h4 Qe5 48. Nd1 b4 49. Ne3 Qb2 50. Ke2 Rd7 51. Qc2 Rc7 52. Qd2 Rc1 53. Kd3 Qxd2+
54. Kxd2 Ra1 0-1

[Event "XXXIII Festival Conca della Presolana A"]
[Site "Bratto - Castione della Presolana ITA"]
[Date "2013.08.21"]
[Round "4"]
[White "Cristiani, Gianfranco"]
[Black "Guerini, Sara"]
[WhiteElo "1790"]
[BlackElo "1723"]
[Result "1-0"]
[PlyCount "69"]
[EventDate "2013.08.18"]

1. b3 d5 2. Bb2 Nf6 3. e3 e6 4. c4 b6 5. d4 Bb7 6. Nf3 Nbd7 7. Nc3 Be7 8. Qc2
O-O 9. Be2 Rc8 10. Rd1 c5 11. dxc5 Nxc5 12. O-O a6 13. Rd4 Nfe4 14. Nxe4 Nxe4
15. Rfd1 Bf6 16. Rxe4 d4 17. Rexd4 Bxd4 18. Rxd4 Qc7 19. Rh4 f5 20. Be5 Qe7 21.
Rd4 Rfd8 22. h3 Qc5 23. Qd2 Rxd4 24. Qxd4 Qxd4 25. Nxd4 Kf7 26. Bf3 Bxf3 27.
Nxf3 b5 28. cxb5 axb5 29. Nd4 b4 30. Bd6 Ra8 31. Bxb4 Rxa2 32. Bc5 g6 33. b4
Rb2 34. Nf3 Kf6 35. Bd4+ 1-0

[Event "XXXIII Festival Conca della Presolana A"]
[Site "Bratto - Castione della Presolana ITA"]
[Date "2013.08.21"]
[Round "4"]
[White "Delledonne, Francesco"]
[Black "Dubois, Martine"]
[WhiteElo "1916"]
[BlackElo "1995"]
[Result "1/2-1/2"]
[PlyCount "100"]
[EventDate "2013.08.18"]

1. e4 d5 2. exd5 Qxd5 3. Nc3 Qd6 4. d4 Nf6 5. Nf3 c6 6. Ne5 Be6 7. Bf4 Qd8 8.
Qd2 h6 9. Be2 Nbd7 10. Nc4 g6 11. O-O Bg7 12. Rad1 Nd5 13. Nxd5 cxd5 14. Ne5
Nxe5 15. Bxe5 f6 16. Bf4 h5 17. Rfe1 g5 18. Be3 Rc8 19. Bd3 Bf7 20. Bb5+ Kf8
21. b3 a6 22. Bd3 h4 23. f4 Bh5 24. Be2 g4 25. f5 Rc6 26. Rc1 Qc8 27. Rf1 Rc3
28. Bd3 Be8 29. Qe2 g3 30. h3 Bh6 31. Rce1 Bxe3+ 32. Qxe3 Qc7 33. Qf4 Qxf4 34.
Rxf4 Bd7 35. a4 Kf7 36. Ref1 Rh6 37. R1f3 Rc8 38. Kf1 b5 39. a5 b4 40. Ke2 Bb5
41. Kd2 Rb8 42. Rf1 Rhh8 43. Rg4 Bxd3 44. Kxd3 Rbc8 45. Ra1 Rc3+ 46. Kd2 e6 47.
fxe6+ Kxe6 48. Ra4 Rhc8 49. Ra2 Rh8 50. Ra4 Rhc8 1/2-1/2

[Event "XXXIII Festival Conca della Presolana A"]
[Site "Bratto - Castione della Presolana ITA"]
[Date "2013.08.21"]
[Round "4"]
[White "Di Donato, Giovanni"]
[Black "Scagliotti, Guglielmo"]
[WhiteElo "1919"]
[BlackElo "1840"]
[Result "0-1"]
[PlyCount "100"]
[EventDate "2013.08.18"]

1. e4 c5 2. c3 d5 3. exd5 Qxd5 4. d4 Nc6 5. Nf3 cxd4 6. cxd4 e5 7. Be3 Bb4+ 8.
Nc3 exd4 9. Nxd4 Bxc3+ 10. bxc3 Nge7 11. Qb3 Nxd4 12. cxd4 Qxb3 13. axb3 O-O
14. Bc4 a6 15. O-O Bd7 16. Rfd1 b5 17. Be2 Be6 18. b4 Rfc8 19. Rdc1 Rxc1+ 20.
Rxc1 Rc8 21. Rxc8+ Bxc8 22. Bf3 Kf8 23. Kf1 Ke8 24. Ke2 Kd7 25. Kd3 Ke6 26. Ba8
Nd5 27. Bd2 f5 28. h3 Kd6 29. h4 Bd7 30. f3 Bc6 31. Bxc6 Kxc6 32. g4 g6 33. g5
Ne7 34. Ke3 Kd5 35. Kd3 Nc6 36. Bc3 Nd8 37. f4 Ne6 38. Ke3 Kc4 39. Ba1 Nc7 40.
Kd2 Nd5 41. Ke2 Nxf4+ 42. Kf3 Nd5 43. Kg3 Kxb4 44. Kf3 Kc4 45. Ke2 b4 46. Kd2
a5 47. Kc2 a4 48. Kb1 f4 49. Kc2 b3+ 50. Kb2 f3 0-1

[Event "XXXIII Festival Conca della Presolana A"]
[Site "Bratto - Castione della Presolana ITA"]
[Date "2013.08.21"]
[Round "4"]
[White "Dieli, Alberto"]
[Black "Loccisano, Giuseppe"]
[WhiteElo "1974"]
[BlackElo "1772"]
[Result "1-0"]
[PlyCount "51"]
[EventDate "2013.08.18"]

1. e4 e6 2. d4 d5 3. Nc3 Nf6 4. Bg5 dxe4 5. Nxe4 Be7 6. Bd3 Nxe4 7. Bxe7 Qxe7
8. Bxe4 Nd7 9. c3 Nf6 10. Bf3 O-O 11. Ne2 Rd8 12. Qb3 e5 13. dxe5 Qxe5 14. O-O
Bg4 15. Nd4 c5 16. Rae1 Qh5 17. Bxg4 Nxg4 18. Nf3 Rd7 19. h3 Nf6 20. Re5 Qg6
21. Rfe1 Kf8 22. Rxc5 Qh6 23. Qb4 Kg8 24. Rce5 Rad8 25. Qa4 g6 26. Qxa7 1-0

[Event "XXXIII Festival Conca della Presolana A"]
[Site "Bratto - Castione della Presolana ITA"]
[Date "2013.08.21"]
[Round "4"]
[White "Drago, Paolo"]
[Black "Michel, Steve"]
[WhiteElo "1858"]
[BlackElo "1979"]
[Result "1-0"]
[PlyCount "69"]
[EventDate "2013.08.18"]

1. d4 Nf6 2. c4 g6 3. Nc3 Bg7 4. e4 d6 5. f3 O-O 6. Be3 c5 7. d5 e6 8. Qd2 exd5
9. cxd5 Na6 10. Bc4 Nc7 11. Nge2 Rb8 12. a4 b6 13. O-O a6 14. Ba2 b5 15. e5
dxe5 16. Bxc5 Re8 17. d6 Ne6 18. Bxe6 Bxe6 19. axb5 axb5 20. Ne4 Nd7 21. b4 Rc8
22. Rfc1 Bc4 23. Qe3 f5 24. N4c3 Ra8 25. Kh1 Qf6 26. Rxa8 Rxa8 27. Qd2 Qe6 28.
Ng3 Bf8 29. Rd1 Ra6 30. Kg1 Nxc5 31. bxc5 Qd7 32. Nd5 Kf7 33. Nb6 Qd8 34. Nxc4
bxc4 35. Qd5+ 1-0

[Event "XXXIII Festival Conca della Presolana A"]
[Site "Bratto - Castione della Presolana ITA"]
[Date "2013.08.21"]
[Round "4"]
[White "Fiscato, Claudio"]
[Black "Tardelli, Andrea"]
[WhiteElo "1775"]
[BlackElo "1793"]
[Result "1/2-1/2"]
[PlyCount "71"]
[EventDate "2013.08.18"]

1. c4 e5 2. g3 Nc6 3. Bg2 Nf6 4. Nc3 Bc5 5. a3 a6 6. e3 O-O 7. Nge2 Re8 8. O-O
d6 9. b4 Ba7 10. Bb2 Be6 11. d3 Qd7 12. Nd5 Bxd5 13. cxd5 Ne7 14. Nc3 Ng6 15.
h3 h5 16. Rc1 h4 17. g4 Nh7 18. Ne2 Ng5 19. e4 Rac8 20. Qd2 Nh7 21. Kh2 c6 22.
dxc6 bxc6 23. f4 exf4 24. Nxf4 d5 25. Nxg6 dxe4 26. Nf4 Bb8 27. Kh1 g5 28. Qc3
f6 29. Bxe4 gxf4 30. Bxh7+ Kxh7 31. Qxf6 Qd5+ 32. Kg1 Ba7+ 33. d4 Re2 34. Qxh4+
Kg7 35. Rf2 Rce8 36. Rcf1 1/2-1/2